[Event "10th Olot it"]
[Site "Olot ESP"]
[Date "1975.03.??"]
[Round "1"]
[White "Cardoso, Rodolfo Tan"]
[Black "Romanishin, Oleg"]
[WhiteElo "2440"]
[BlackElo "2485"]
[Result "0-1"]
[EventDate "1975.03.09"]
[PlyCount "162"]

1.e4 c5 2.Nf3 g6 3.d4 Bg7 4.c3 Qa5 5.dxc5 Qxc5 6.Be3 Qc7 7.Bd4 Nf6 8.e5 
Ng4 9.e6 f6 10.exd7+ Bxd7 11.Na3 Nc6 12.Nb5 Qc8 13.h3 Nh6 14.Be3 a6 15.
Nbd4 O-O 16.Nxc6 Bxc6 17.Qb3+ Kh8 18.Nd4 Nf5 19.h4 Nxe3 20.fxe3 Be4 21.Qe6
f5 22.h5 Qc7 23.hxg6 h6 24.Rh3 Rf6 25.Qb3 Qb6 26.O-O-O Qxb3 27.axb3 Rd8 
28.Be2 e5 29.Nf3 Rxd1+ 30.Bxd1 Rxg6 31.Nh4 Rg5 32.Bf3 Bf6 33.Bxe4 fxe4 34.
Kd1 Kg8 35.Ke2 Kf7 36.g3 Ke6 37.Ng2 Rg6 38.Kf2 Bg5 39.g4 Kd7 40.Ne1 Rb6 
41.b4 Kc6 42.Nc2 Kd5 43.b3 Ke6 44.Ke2 a5 45.Rh1 Rc6 46.c4 axb4 47.Ra1 Be7 
48.Ra5 Ra6 49.Rb5 Ra2 50.Kd1 Rb2 51.Rb6+ Kf7 52.Rxb7 Rxb3 53.c5 Ke6 54.
Rb6+ Kd5 55.Nxb4+ Kxc5 56.Re6 Bg5 57.Nc2 Kd5 58.Ra6 Rb1+ 59.Kd2 Rg1 60.
Ra5+ Ke6 61.Ra6+ Kf7 62.Ra7+ Ke6 63.Ra6+ Kf7 64.Ra7+ Be7 65.Ra6 Bf8 66.
Ra7+ Kf6 67.Ra6+ Kf7 68.Ra7+ Kf6 69.Ra6+ Kg5 70.Ra5 Bg7 71.Nd4 Kxg4 72.Ra7
Bf6 73.Rf7 Rg2+ 74.Kd1 exd4 75.Rxf6 h5 76.exd4 h4 77.Rg6+ Kf3 78.Rf6+ Ke3 
79.Rh6 Kd3 80.Ke1 e3 81.Kf1 Rg4 0-1

[Event "10th Olot it"]
[Site "Olot ESP"]
[Date "1975.03.??"]
[Round "1"]
[White "Csom, Istvan"]
[Black "Cordovil, Joao Maria"]
[WhiteElo "2530"]
[BlackElo "2280"]
[Result "1-0"]
[EventDate "1975.03.09"]
[PlyCount "107"]

1.Nf3 Nf6 2.g3 d6 3.d4 b6 4.Bg2 Bb7 5.c4 Nbd7 6.O-O g6 7.Nc3 Ne4 8.Nxe4 
Bxe4 9.Bg5 Bg7 10.Qd2 h6 11.Be3 c5 12.Rac1 Rc8 13.b3 Nf6 14.Bh3 Rb8 15.
Rfd1 Qc7 16.Ne1 h5 17.d5 Ng4 18.f3 Nxe3 19.Qxe3 Bf5 20.Bxf5 gxf5 21.Qd3 h4
22.Qxf5 hxg3 23.hxg3 Qd7 24.Qxd7+ Kxd7 25.f4 b5 26.cxb5 Rxb5 27.Rc4 a5 28.
Nd3 Ra8 29.Ra4 Bc3 30.Kf2 Rh8 31.Rc1 Bf6 32.Kf3 Rh5 33.e4 Bd4 34.Kg2 Rh8 
35.Ne1 Rg8 36.Nc2 Bb2 37.Rf1 Kc7 38.Rh1 Rg7 39.Kf3 Bc3 40.g4 Rb8 41.Rc4 
Bd2 42.Rh2 Bb4 43.g5 Kd7 44.Kg4 f6 45.a3 fxg5 46.f5 Bxa3 47.Nxa3 Rxb3 48.
Ra4 Ke8 49.f6 exf6 50.Nc4 Rb4 51.Rxa5 f5+ 52.Kxf5 Rxc4 53.Rh8+ Rg8 54.
Rxg8+ 1-0

[Event "10th Olot it"]
[Site "Olot ESP"]
[Date "1975.03.??"]
[Round "1"]
[White "Filip, Miroslav"]
[Black "Pomar Salamanca, Arturo"]
[WhiteElo "2485"]
[BlackElo "2450"]
[Result "1-0"]
[EventDate "1975.03.09"]
[PlyCount "97"]

1.d4 Nf6 2.c4 e6 3.Nc3 Bb4 4.e3 O-O 5.Bd3 d5 6.Nf3 c5 7.O-O dxc4 8.Bxc4 
Nc6 9.Bd3 Qe7 10.Ne4 Nxe4 11.Bxe4 f5 12.Bxc6 bxc6 13.Bd2 Ba6 14.Re1 Bxd2 
15.Qxd2 cxd4 16.exd4 Bc4 17.Ne5 Bd5 18.Rac1 Bxa2 19.Nxc6 Qd6 20.Qb4 Qxb4 
21.Nxb4 Bd5 22.Rc5 Rab8 23.Nxd5 exd5 24.Re7 Rf7 25.Rxf7 Kxf7 26.Rxd5 Ke6 
27.Re5+ Kf6 28.Re2 Rb4 29.Rd2 Ke6 30.g3 Kd5 31.Re2 Rb7 32.Re5+ Kxd4 33.
Rxf5 Kc4 34.Rf3 a5 35.Rc3+ Kb4 36.h4 a4 37.Kg2 Rd7 38.Rc8 Rd3 39.Rb8+ Kc4 
40.Rb7 Rb3 41.Rxg7 h5 42.Rc7+ Kd3 43.Rc5 Rxb2 44.Rxh5 a3 45.Ra5 Rb3 46.h5 
Kc2 47.h6 Kb2 48.g4 a2 49.h7 1-0

[Event "10th Olot it"]
[Site "Olot ESP"]
[Date "1975.03.??"]
[Round "1"]
[White "Medina Garcia, Antonio Angel"]
[Black "Bellon Lopez, Juan Manuel"]
[WhiteElo "2345"]
[BlackElo "2415"]
[Result "0-1"]
[EventDate "1975.03.09"]
[PlyCount "92"]

1.e4 c5 2.Nf3 e6 3.d4 cxd4 4.Nxd4 a6 5.Nc3 d6 6.g3 b6 7.Bg2 Bb7 8.O-O Nd7 
9.f4 Qc7 10.f5 e5 11.Nb3 Ngf6 12.Kh1 b5 13.a3 Rc8 14.Be3 Nb6 15.Nd2 Be7 
16.Rc1 O-O 17.g4 Nc4 18.Nxc4 Qxc4 19.Qf3 d5 20.g5 d4 21.gxf6 Bxf6 22.Bd2 
dxc3 23.Bxc3 Rfd8 24.Rcd1 a5 25.Rxd8+ Rxd8 26.Bxa5 Rd4 27.Bb6 Bxe4 28.Qf2 
Rd2 29.Qxd2 Qxf1+ 30.Bg1 Qxf5 31.Qe2 Bxg2+ 32.Kxg2 e4 33.b3 Be7 34.a4 bxa4
35.bxa4 Qg6+ 36.Kf1 Bh4 37.Bd4 Qf5+ 38.Kg2 h5 39.c3 Bd8 40.Qb5 Qf3+ 41.Kg1
Bc7 42.a5 Bf4 43.Qb7 h4 44.Qc8+ Kh7 45.Qf5+ Kh6 46.Bxg7+ Kxg7 0-1

[Event "10th Olot it"]
[Site "Olot ESP"]
[Date "1975.03.??"]
[Round "1"]
[White "Schmidt, Wlodzimierz"]
[Black "Sanz Alonso, Francisco Javier"]
[WhiteElo "2465"]
[BlackElo "2340"]
[Result "1-0"]
[EventDate "1975.03.09"]
[PlyCount "75"]

1.Nf3 c5 2.c4 Nc6 3.Nc3 g6 4.e3 Bg7 5.d4 d6 6.Be2 Nf6 7.d5 Na5 8.e4 O-O 9.
h3 a6 10.O-O e6 11.Bg5 h6 12.Bh4 exd5 13.exd5 Re8 14.Bd3 Rb8 15.Nd2 Qc7 
16.Rc1 Bd7 17.a3 b6 18.b4 cxb4 19.axb4 Nb7 20.Nb3 Nh5 21.Qd2 g5 22.Bg3 
Nxg3 23.fxg3 Re5 24.g4 Rbe8 25.Nd4 Re3 26.Nf5 Bxf5 27.Rxf5 Qe7 28.Rcf1 Bd4
29.Kh1 Nd8 30.Ne2 Bg7 31.Ng1 Re5 32.c5 Rxf5 33.Rxf5 dxc5 34.bxc5 Qxc5 35.
Bxa6 Qd4 36.Qa2 Qb2 37.Qxb2 Bxb2 38.Nf3 {time} 1-0

[Event "10th Olot it"]
[Site "Olot ESP"]
[Date "1975.03.??"]
[Round "2"]
[White "Bellon Lopez, Juan Manuel"]
[Black "Csom, Istvan"]
[WhiteElo "2415"]
[BlackElo "2530"]
[Result "1/2-1/2"]
[EventDate "1975.03.09"]
[PlyCount "83"]

1.Nf3 Nf6 2.b3 b6 3.g3 Bb7 4.Bg2 c5 5.O-O d6 6.d3 e6 7.e4 Be7 8.Bb2 O-O 9.
Nbd2 Ne8 10.Re1 Qc7 11.d4 a6 12.c4 cxd4 13.Nxd4 Nc6 14.Nf1 Bf6 15.Ne3 Nxd4
16.Bxd4 Bxd4 17.Qxd4 Nf6 18.Nd1 Rac8 19.Rc1 d5 20.exd5 Bxd5 21.Bxd5 Nxd5 
22.a3 Rfd8 23.Qb2 Nf6 24.Nc3 Qc6 25.Qe2 Qc5 26.Nb1 a5 27.Qe5 Rd6 28.Qxc5 
bxc5 29.Nc3 Kf8 30.Red1 Rxd1+ 31.Rxd1 Ke7 32.f3 Nd7 33.Na4 Rc6 34.Kf2 Nb6 
35.Nb2 Rc8 36.Ke3 Ra8 37.Kd3 h6 38.Kc3 g5 39.Nd3 Nd7 40.Nb2 Nb6 41.Nd3 Nd7
42.Nb2 1/2-1/2

[Event "10th Olot it"]
[Site "Olot ESP"]
[Date "1975.03.??"]
[Round "2"]
[White "Cordovil, Joao Maria"]
[Black "Cardoso, Rodolfo Tan"]
[WhiteElo "2280"]
[BlackElo "2440"]
[Result "1-0"]
[EventDate "1975.03.09"]
[PlyCount "171"]

1.e4 c5 2.Nf3 d6 3.d4 cxd4 4.Qxd4 a6 5.Bg5 Nc6 6.Qd2 h6 7.Be3 Nf6 8.Nc3 
Ng4 9.Bf4 g5 10.Bg3 Bg7 11.h3 Nge5 12.Bxe5 Nxe5 13.Nd5 Be6 14.c4 Rc8 15.
Rc1 Ng6 16.Be2 h5 17.O-O g4 18.hxg4 hxg4 19.Rcd1 Be5 20.Nxe5 Nxe5 21.Qg5 
f6 22.Qg7 Rg8 23.Qh7 Bf7 24.Rc1 e6 25.Ne3 Ke7 26.Qh4 Nf3+ 27.Bxf3 gxf3 28.
c5 Rxc5 29.Rxc5 dxc5 30.e5 Ke8 31.Rd1 Qe7 32.Ng4 Rxg4 33.Qxg4 fxe5 34.Qxf3
Bg6 35.Qg4 Kf7 36.Qa4 Kf8 37.Qa5 Be4 38.Rc1 Bxg2 39.Qxc5 Qxc5 40.Rxc5 Bd5 
41.Rc7 Ke8 42.a3 Kd8 43.Rg7 Kc8 44.Kf1 Kb8 45.Ke2 Ka7 46.Rg5 e4 47.Ke3 Kb6
48.Kd4 Kc6 49.Ke5 a5 50.Rg8 Kb5 51.Kd4 Ka4 52.Kc3 Kb5 53.Ra8 Bc6 54.Rd8 
Kc5 55.Rg8 Bd5 56.Rg5 Kb5 57.Kd4 Kc6 58.Rh5 Kd6 59.Rh8 e5+ 60.Kc3 Bc6 61.
Kc4 b5+ 62.Kc3 Kc5 63.b4+ axb4+ 64.axb4+ Kd5 65.Rd8+ Ke6 66.Kd2 Ke7 67.Rc8
Kd7 68.Rg8 Ke6 69.Ke3 Bd5 70.Rb8 Bc6 71.Kd2 Kd5 72.Kc3 Ke6 73.Rc8 Kd7 74.
Rg8 Ke6 75.Rg6+ Kd5 76.Rg1 Bb7 77.Rd1+ Ke6 78.Kd2 Kd6 79.Rc1 Bc6 80.Rc3 
Bd5 81.Rc5 Bc4 82.Ke3 Bd3 83.f3 Ke6 84.fxe4 Bf1 85.Rc1 Bh3 86.Rc6+ 1-0

[Event "10th Olot it"]
[Site "Olot ESP"]
[Date "1975.03.??"]
[Round "2"]
[White "Pomar Salamanca, Arturo"]
[Black "Medina Garcia, Antonio Angel"]
[WhiteElo "2450"]
[BlackElo "2345"]
[Result "1-0"]
[EventDate "1975.03.09"]
[PlyCount "75"]

1.c4 Nf6 2.Nc3 e6 3.d4 d5 4.Bg5 Be7 5.Nf3 O-O 6.Rc1 h6 7.Bh4 b6 8.cxd5 
Nxd5 9.Nxd5 exd5 10.Bxe7 Qxe7 11.g3 Ba6 12.Bg2 Nd7 13.O-O Rfe8 14.Qa4 Bxe2
15.Rfe1 Qd8 16.Qc6 Nf6 17.Ne5 Ba6 18.Qxc7 Re7 19.Qxd8+ Rxd8 20.Nc6 Rxe1+ 
21.Rxe1 Rd6 22.Nxa7 Kf8 23.Rc1 Re6 24.Nc6 Bc4 25.Nb4 Re2 26.b3 Rb2 27.bxc4
Rxb4 28.c5 Ke7 29.c6 Rc4 30.Rxc4 dxc4 31.Kf1 Kd6 32.Ke2 Ne8 33.Kd2 b5 34.
Kc3 Nc7 35.Kb4 Ne6 36.d5 Nd4 37.Be4 f5 38.Bb1 {time} 1-0

[Event "10th Olot it"]
[Site "Olot ESP"]
[Date "1975.03.??"]
[Round "2"]
[White "Romanishin, Oleg"]
[Black "Gonzalez Maza, Rafael"]
[WhiteElo "2485"]
[BlackElo "2280"]
[Result "1-0"]
[EventDate "1975.03.09"]
[PlyCount "67"]

1.e4 g6 2.d4 Bg7 3.Nc3 d6 4.Bg5 c6 5.Qd2 b5 6.f4 Qc7 7.Nf3 a5 8.Bd3 Ba6 9.
e5 b4 10.Ne4 Bxd3 11.Qxd3 d5 12.Nc5 e6 13.O-O Nd7 14.Nxd7 Qxd7 15.a3 Ra7 
16.axb4 axb4 17.Qb3 Qb7 18.Rxa7 Qxa7 19.Qxb4 Bf8 20.Qc3 Kd7 21.b3 Qb7 22.
Qa5 Be7 23.Ra1 h6 24.Qa7 Kc7 25.Qa5+ Kd7 26.Bxe7 Nxe7 27.Ne1 Rb8 28.Nd3 
Ke8 29.Nc5 Qb5 30.Qa7 Nc8 31.Qd7+ Kf8 32.Qd8+ Kg7 33.Nd7 Qb4 34.c3 1-0

[Event "10th Olot it"]
[Site "Olot ESP"]
[Date "1975.03.??"]
[Round "2"]
[White "Schmidt, Wlodzimierz"]
[Black "Filip, Miroslav"]
[WhiteElo "2465"]
[BlackElo "2485"]
[Result "1/2-1/2"]
[EventDate "1975.03.09"]
[PlyCount "44"]

1.Nf3 Nf6 2.c4 e6 3.g3 d5 4.Bg2 dxc4 5.Qa4+ Nbd7 6.Qxc4 a6 7.Qc2 c5 8.O-O 
b6 9.Nc3 Bb7 10.Rd1 Be7 11.d3 O-O 12.e4 Qc7 13.a4 Rac8 14.Bf4 e5 15.Bg5 h6
16.Bxf6 Nxf6 17.Nd2 Rfd8 18.Nc4 Bc6 19.Ne3 Bf8 20.Ned5 Nxd5 21.Nxd5 Bxd5 
22.exd5 Bd6 1/2-1/2

[Event "10th Olot it"]
[Site "Olot ESP"]
[Date "1975.03.??"]
[Round "3"]
[White "Cardoso, Rodolfo Tan"]
[Black "Bellon Lopez, Juan Manuel"]
[WhiteElo "2440"]
[BlackElo "2415"]
[Result "0-1"]
[EventDate "1975.03.09"]
[PlyCount "92"]

1.c4 e5 2.Nc3 Nc6 3.g3 g6 4.Bg2 Bg7 5.e3 Nge7 6.Nge2 d6 7.O-O O-O 8.d3 Be6
9.Nd5 Qd7 10.Rb1 Rae8 11.b4 Nd8 12.b5 f5 13.Qb3 g5 14.f4 Bxd5 15.cxd5 gxf4
16.gxf4 Ng6 17.fxe5 Bxe5 18.d4 Bg7 19.Qd3 Bh6 20.Bh3 Qe7 21.Bxf5 Bxe3+ 22.
Bxe3 Qxe3+ 23.Qxe3 Rxe3 24.Ng3 Re7 25.Rb3 Nh4 26.Ra3 Kg7 27.Rxa7 Ref7 28.
Be4 Rxf1+ 29.Nxf1 Nf3+ 30.Bxf3 Rxf3 31.Ra8 Rf8 32.Ne3 b6 33.Ra7 Rf7 34.Nc2
Kg6 35.Nb4 c5 36.Ra8 cxb4 37.Rxd8 Ra7 38.Rxd6+ Kf5 39.Re6 Rxa2 40.Re3 Rd2 
41.Kf1 Rxd4 42.Ke2 h5 43.Rh3 h4 44.Ke3 Rc4 45.Kd2 Ke5 46.Rd3 Rc3 0-1

[Event "10th Olot it"]
[Site "Olot ESP"]
[Date "1975.03.??"]
[Round "3"]
[White "Csom, Istvan"]
[Black "Pomar Salamanca, Arturo"]
[WhiteElo "2530"]
[BlackElo "2450"]
[Result "1-0"]
[EventDate "1975.03.09"]
[PlyCount "171"]

1.Nf3 Nf6 2.g3 b6 3.Bg2 Bb7 4.c4 e6 5.O-O Be7 6.Nc3 O-O 7.Re1 d5 8.cxd5 
exd5 9.d4 Ne4 10.Qb3 Nxc3 11.Qxc3 a5 12.Qc2 Nd7 13.Bf4 Bd6 14.Bxd6 cxd6 
15.Rac1 Rc8 16.Qb3 Nf6 17.Nd2 Rc7 18.Nf1 Ba6 19.Rxc7 Qxc7 20.Ne3 Re8 21.
Bxd5 Nxd5 22.Nxd5 Qd7 23.Qxb6 Bxe2 24.Qc7 Qb5 25.Nc3 Bf3 26.Re3 Rxe3 27.
fxe3 Qe8 28.Kf2 Bh1 29.Qxa5 h6 30.Qf5 Qc6 31.d5 Qc4 32.Ke1 Qb4 33.Qc8+ Kh7
34.Qf5+ Kg8 35.Qc8+ Kh7 36.Qf5+ Kg8 37.Qc2 Bxd5 38.a3 Qc5 39.Qd3 Be6 40.
Kd2 Qh5 41.Qe2 Bg4 42.Qf2 Be6 43.Qg2 g6 44.Qf2 Qg4 45.Qe2 Qf5 46.b4 Bb3 
47.Kc1 f6 48.a4 Qe5 49.Qd3 Kg7 50.a5 d5 51.Kb2 Bc4 52.Qd4 Qh5 53.Qd2 Qf5 
54.Ka3 Qf1 55.Kb2 Qf5 56.Na4 Qe5+ 57.Qd4 Qh5 58.Qd2 Qe5+ 59.Qd4 Qh5 60.Kc3
Qxh2 61.Qa7+ Kg8 62.Qb8+ Kh7 63.Qb7+ Kh8 64.Qc8+ Kh7 65.Qc7+ Kh8 66.Qd8+ 
Kh7 67.Qd7+ Kh8 68.Qe8+ Kh7 69.Qf7+ Kh8 70.Qxf6+ Kh7 71.Qf7+ Kh8 72.Qxg6 
Qh1 73.Qe8+ Kh7 74.Kd4 Qe1 75.Qf7+ Kh8 76.Qf6+ Kh7 77.Qf5+ Kh8 78.Qe5+ Kh7
79.Kc5 Qf1 80.Nb6 Ba6 81.Kd6 Qb5 82.Qf5+ Kh8 83.Qf8+ Kh7 84.Nxd5 Bb7 85.
Qf5+ Kh8 86.Qe5+ 1-0

[Event "10th Olot it"]
[Site "Olot ESP"]
[Date "1975.03.??"]
[Round "3"]
[White "Filip, Miroslav"]
[Black "Sanz Alonso, Francisco Javier"]
[WhiteElo "2485"]
[BlackElo "2340"]
[Result "1-0"]
[EventDate "1975.03.09"]
[PlyCount "85"]

1.Nf3 c5 2.c4 Nc6 3.Nc3 g6 4.e3 Bg7 5.d4 d6 6.Be2 Nf6 7.d5 Na5 8.e4 O-O 9.
h3 a6 10.O-O Rb8 11.Re1 Bd7 12.e5 Ne8 13.Bf4 b5 14.cxb5 axb5 15.Qd2 b4 16.
Ne4 Bb5 17.Rac1 Bxe2 18.Rxe2 Nb7 19.Bh6 Nc7 20.b3 f5 21.Ng3 Nb5 22.Rc4 
dxe5 23.Nxe5 Nc3 24.Bxg7 Nxe2+ 25.Nxe2 Kxg7 26.Nc6 Qd6 27.Nxb8 Rxb8 28.Nf4
e5 29.Ne6+ Kg8 30.Qh6 Qe7 31.Qe3 Qd6 32.Nxc5 Na5 33.Rc2 Rd8 34.Nd3 Qxd5 
35.Nxb4 Qd1+ 36.Kh2 e4 37.Qf4 Qd6 38.Qxd6 Rxd6 39.Rc5 Nb7 40.Rc8+ Nd8 41.
a4 Kf7 42.a5 Ne6 43.a6 1-0

[Event "10th Olot it"]
[Site "Olot ESP"]
[Date "1975.03.??"]
[Round "3"]
[White "Gonzalez Maza, Rafael"]
[Black "Cordovil, Joao Maria"]
[WhiteElo "2280"]
[BlackElo "2280"]
[Result "1-0"]
[EventDate "1975.03.09"]
[PlyCount "105"]

1.g3 e5 2.Bg2 d5 3.d3 Nf6 4.Bg5 Bc5 5.Nf3 h6 6.Bxf6 Qxf6 7.Nc3 c6 8.O-O 
Bg4 9.h3 Be6 10.e4 d4 11.Ne2 g5 12.Nd2 Nd7 13.c3 dxc3 14.bxc3 Rd8 15.Nb3 
Bb6 16.Qc2 c5 17.c4 Nb8 18.Nc3 Nc6 19.Nd5 Qg7 20.a4 Nb4 21.Qc3 Rc8 22.a5 
Bd8 23.Nxc5 Nxd5 24.exd5 Rxc5 25.dxe6 fxe6 26.a6 b6 27.Rfe1 O-O 28.Bb7 b5 
29.Re4 Bb6 30.Ra2 Rf3 31.Kg2 Rf7 32.Qe1 Qf6 33.Qe2 b4 34.d4 exd4 35.Rxe6 
d3 36.Qe4 Qf5 37.Qxf5 Rfxf5 38.Rxb6 axb6 39.Bd5+ Rfxd5 40.cxd5 Rc8 41.Kf3 
Ra8 42.Ke3 b3 43.Rb2 Rxa6 44.Rxb3 Kf7 45.Rxd3 Ke7 46.Rb3 Kd6 47.Ke4 Ra4+ 
48.Kf5 Kc5 49.Rd3 Ra2 50.d6 Rxf2+ 51.Ke6 Re2+ 52.Kf7 Rf2+ 53.Kg7 1-0

[Event "10th Olot it"]
[Site "Olot ESP"]
[Date "1975.03.??"]
[Round "3"]
[White "Medina Garcia, Antonio Angel"]
[Black "Schmidt, Wlodzimierz"]
[WhiteElo "2345"]
[BlackElo "2465"]
[Result "0-1"]
[EventDate "1975.03.09"]
[PlyCount "92"]

1.e4 Nf6 2.e5 Nd5 3.d4 d6 4.Nf3 Bg4 5.Be2 e6 6.O-O Be7 7.h3 Bh5 8.c4 Nb6 
9.Be3 O-O 10.Nc3 d5 11.c5 Bxf3 12.gxf3 Nc8 13.b4 Bh4 14.Bd3 Ne7 15.Qb3 f6 
16.f4 fxe5 17.dxe5 Nf5 18.Ne2 Nc6 19.Kh2 Nce7 20.Rg1 Kh8 21.Rg2 Qe8 22.
Rag1 Qh5 23.Rg4 Rad8 24.R1g2 Rg8 25.Ng1 Nh6 26.Nf3 Nef5 27.Kg1 Be7 28.Bd2 
Qf7 29.Qd1 g6 30.Rh2 c6 31.Rgg2 Nh4 32.Nxh4 Bxh4 33.Kh1 Nf5 34.Rg4 Be7 35.
Rhg2 h5 36.Rh2 hxg4 37.hxg4+ Kg7 38.gxf5 exf5 39.Rg2 Rh8+ 40.Kg1 Rh3 41.
Qc2 Rdh8 42.Kf1 Kf8 43.Be3 R8h4 44.Qb2 g5 45.b5 Qh5 46.Ke1 gxf4 0-1

[Event "10th Olot it"]
[Site "Olot ESP"]
[Date "1975.03.??"]
[Round "4"]
[White "Bellon Lopez, Juan Manuel"]
[Black "Gonzalez Maza, Rafael"]
[WhiteElo "2415"]
[BlackElo "2280"]
[Result "1/2-1/2"]
[EventDate "1975.03.09"]
[PlyCount "83"]

1.c4 e6 2.g3 d5 3.Bg2 Nf6 4.b3 Be7 5.Bb2 O-O 6.Nf3 b6 7.O-O Bb7 8.d3 c5 9.
e3 Nc6 10.Qe2 Qc7 11.Nc3 Rfd8 12.Rac1 Rac8 13.Rfd1 Qb8 14.a3 dxc4 15.bxc4 
Ne8 16.Ne1 Na5 17.Ne4 Bxe4 18.Bxe4 Bf6 19.d4 Nd6 20.Bd3 cxd4 21.exd4 g6 
22.Nf3 Nf5 23.d5 Bxb2 24.Qxb2 Ng7 25.Bf1 Rc5 26.Ng5 exd5 27.Qf6 Rf8 28.
cxd5 Qd8 29.Qxd8 Rxd8 30.Rxc5 bxc5 31.Rb1 Ne8 32.Rb5 Rxd5 33.Nxf7 Kxf7 34.
Rxa5 Rd7 35.Rxc5 Nd6 36.h4 Ke7 37.h5 Nb7 38.Rb5 Nd6 39.hxg6 Nxb5 40.gxh7 
Rd8 41.Bxb5 Kf6 42.f4 1/2-1/2

[Event "10th Olot it"]
[Site "Olot ESP"]
[Date "1975.03.??"]
[Round "4"]
[White "Filip, Miroslav"]
[Black "Medina Garcia, Antonio Angel"]
[WhiteElo "2485"]
[BlackElo "2345"]
[Result "1/2-1/2"]
[EventDate "1975.03.09"]
[PlyCount "56"]

1.c4 e6 2.Nc3 Nf6 3.d4 d5 4.Bg5 Be7 5.e3 O-O 6.Nf3 h6 7.Bh4 Ne4 8.Bxe7 
Qxe7 9.Rc1 c6 10.Bd3 Nxc3 11.Rxc3 dxc4 12.Bxc4 Nd7 13.O-O e5 14.Qc2 exd4 
15.exd4 Nb6 16.Re3 Qd6 17.Bb3 Nd5 18.Re5 Be6 19.Rfe1 Nc7 20.h3 Rad8 21.Qd3
Bxb3 22.Qxb3 b6 23.Re7 Ne6 24.Rxa7 Nxd4 25.Nxd4 Qxd4 26.Rc7 Qc5 27.Qc3 
Qxc3 28.bxc3 Rd6 1/2-1/2

[Event "10th Olot it"]
[Site "Olot ESP"]
[Date "1975.03.??"]
[Round "4"]
[White "Pomar Salamanca, Arturo"]
[Black "Cardoso, Rodolfo Tan"]
[WhiteElo "2450"]
[BlackElo "2440"]
[Result "1-0"]
[EventDate "1975.03.09"]
[PlyCount "53"]

1.d4 Nf6 2.c4 e6 3.Nf3 b6 4.Nc3 Bb7 5.g3 Bb4 6.Bd2 c5 7.Nb5 Bxd2+ 8.Qxd2 
Ne4 9.Qf4 O-O 10.Bg2 d5 11.dxc5 bxc5 12.O-O Nd7 13.Rfd1 Nef6 14.cxd5 exd5 
15.Nh4 Qe7 16.Nd6 Rab8 17.Nhf5 Qxe2 18.Re1 Qg4 19.Qxg4 Nxg4 20.Ne7+ Kh8 
21.Nxd5 Bc6 22.b3 Rbd8 23.Rad1 Nh6 24.Re7 Kg8 25.Ne3 Bxg2 26.Kxg2 f6 27.
Nb7 1-0

[Event "10th Olot it"]
[Site "Olot ESP"]
[Date "1975.03.??"]
[Round "4"]
[White "Sanz Alonso, Francisco Javier"]
[Black "Romanishin, Oleg"]
[WhiteElo "2340"]
[BlackElo "2485"]
[Result "1/2-1/2"]
[EventDate "1975.03.09"]
[PlyCount "67"]

1.Nf3 Nf6 2.c4 e6 3.g3 a6 4.Bg2 b5 5.b3 Bb7 6.O-O c5 7.Bb2 Be7 8.d3 O-O 9.
Nbd2 Nc6 10.Ne5 d5 11.Nxc6 Bxc6 12.Rc1 Rc8 13.cxd5 exd5 14.Bxf6 gxf6 15.e3
Qd6 16.Bh3 Bd7 17.Bxd7 Qxd7 18.Qh5 Kh8 19.Nf3 Qe6 20.e4 dxe4 21.dxe4 c4 
22.bxc4 bxc4 23.Rfe1 Rfd8 24.e5 f5 25.Ng5 Bxg5 26.Qxg5 h6 27.Qf4 c3 28.Rc2
Rc4 29.Qf3 Rdc8 30.Re3 Kg7 31.a3 R8c5 32.Rexc3 Rxc3 33.Rxc3 Qxe5 34.Rxc5 
1/2-1/2

[Event "10th Olot it"]
[Site "Olot ESP"]
[Date "1975.03.??"]
[Round "4"]
[White "Schmidt, Wlodzimierz"]
[Black "Csom, Istvan"]
[WhiteElo "2465"]
[BlackElo "2530"]
[Result "1/2-1/2"]
[EventDate "1975.03.09"]
[PlyCount "30"]

1.Nf3 Nf6 2.c4 e6 3.g3 d5 4.Bg2 Be7 5.O-O O-O 6.d4 Nbd7 7.Qc2 c6 8.b3 b5 
9.c5 Ne4 10.Nbd2 f5 11.Bb2 Bf6 12.b4 a5 13.a3 a4 14.Ne1 Nxd2 15.Qxd2 e5 
1/2-1/2

[Event "10th Olot it"]
[Site "Olot ESP"]
[Date "1975.03.??"]
[Round "5"]
[White "Cardoso, Rodolfo Tan"]
[Black "Schmidt, Wlodzimierz"]
[WhiteElo "2440"]
[BlackElo "2465"]
[Result "1/2-1/2"]
[EventDate "1975.03.09"]
[PlyCount "86"]

1.e4 c5 2.Nf3 e6 3.d4 cxd4 4.Nxd4 Nc6 5.Nb5 d6 6.c4 Nf6 7.N5c3 Be7 8.g4 h6
9.Rg1 a6 10.Be3 g5 11.Be2 Ne5 12.Nd2 Bd7 13.Qb3 Bc6 14.O-O-O Ng6 15.Bf3 
Nd7 16.Qc2 Nde5 17.Be2 Rc8 18.Kb1 Qc7 19.Na4 Nd7 20.Qb3 Nc5 21.Nxc5 dxc5 
22.Qc3 f6 23.h3 Kf7 24.Bd3 Rhd8 25.Bc2 Rd7 26.Nf3 b6 27.Rde1 Qb7 28.Bc1 b5
29.h4 b4 30.Qe3 Rcd8 31.hxg5 hxg5 32.Rh1 Kg7 33.Rh2 Rh8 34.Rxh8 Nxh8 35.
Nd2 e5 36.Nf1 Ng6 37.Ng3 Nh4 38.Rh1 Kg8 39.Nf5 Nxf5 40.gxf5 Bf8 41.f3 Rh7 
42.Qg1 Rxh1 43.Qxh1 Qh7 1/2-1/2

[Event "10th Olot it"]
[Site "Olot ESP"]
[Date "1975.03.??"]
[Round "5"]
[White "Csom, Istvan"]
[Black "Filip, Miroslav"]
[WhiteElo "2530"]
[BlackElo "2485"]
[Result "1/2-1/2"]
[EventDate "1975.03.09"]
[PlyCount "33"]

1.Nf3 Nf6 2.g3 b6 3.Bg2 Bb7 4.O-O g6 5.b3 Bg7 6.Bb2 O-O 7.c4 c5 8.d4 e6 9.
dxc5 bxc5 10.Nc3 Qe7 11.Nb5 d5 12.Be5 Ne4 13.Bxg7 Kxg7 14.cxd5 exd5 15.Rc1
Rd8 16.Qc2 Nd7 17.Rfe1 1/2-1/2

[Event "10th Olot it"]
[Site "Olot ESP"]
[Date "1975.03.??"]
[Round "5"]
[White "Gonzalez Maza, Rafael"]
[Black "Pomar Salamanca, Arturo"]
[WhiteElo "2280"]
[BlackElo "2450"]
[Result "1-0"]
[EventDate "1975.03.09"]
[PlyCount "69"]

1.g3 d5 2.Bg2 Nf6 3.b3 e6 4.Bb2 Nbd7 5.c4 c6 6.Nc3 Be7 7.Nf3 O-O 8.O-O a6 
9.d4 b5 10.Qc2 Bb7 11.Nd2 Rc8 12.e4 b4 13.Na4 c5 14.exd5 exd5 15.dxc5 Nxc5
16.Nxc5 Bxc5 17.Rad1 Bc6 18.cxd5 Bb5 19.Nc4 Re8 20.Rd2 Bxc4 21.bxc4 Qb6 
22.Qf5 Rcd8 23.Rfd1 Rd6 24.g4 Nd7 25.Be4 Rg6 26.Qxd7 Rxe4 27.Bd4 Rgxg4+ 
28.Kh1 h6 29.Qc8+ Kh7 30.Qxc5 Qg6 31.d6 Rg2 32.f3 Rg5 33.Rg1 Qh5 34.Rxg5 
Qxf3+ 35.Rgg2 1-0

[Event "10th Olot it"]
[Site "Olot ESP"]
[Date "1975.03.??"]
[Round "5"]
[White "Medina Garcia, Antonio Angel"]
[Black "Sanz Alonso, Francisco Javier"]
[WhiteElo "2345"]
[BlackElo "2340"]
[Result "1-0"]
[EventDate "1975.03.09"]
[PlyCount "79"]

1.e4 c5 2.Nf3 Nc6 3.d4 cxd4 4.Nxd4 e6 5.Nb5 d6 6.c4 a6 7.N5c3 Nf6 8.Be2 
Be7 9.O-O b6 10.Bf4 Bb7 11.Nd2 O-O 12.Re1 Rc8 13.Rc1 Re8 14.Bf1 g6 15.h3 
d5 16.cxd5 exd5 17.e5 Nh5 18.Bh6 Nd4 19.Nf3 Nxf3+ 20.Qxf3 Bg5 21.Bxg5 Qxg5
22.Rcd1 Rxe5 23.Rxe5 Qxe5 24.Nxd5 Kg7 25.Qe3 Qxb2 26.Nxb6 Rc7 27.Nc4 Qf6 
28.Nd6 Bc6 29.Qb6 Qe7 30.Bxa6 Nf6 31.Bf1 Ba4 32.Rd4 Rc1 33.Rxa4 Qe2 34.Kh2
Rxf1 35.Qc7 Qe5+ 36.f4 Qe1 37.Qxf7+ Kh6 38.Nf5+ Kh5 39.Qxh7+ Nxh7 40.g4# 
1-0

[Event "10th Olot it"]
[Site "Olot ESP"]
[Date "1975.03.??"]
[Round "5"]
[White "Romanishin, Oleg"]
[Black "Cordovil, Joao Maria"]
[WhiteElo "2485"]
[BlackElo "2280"]
[Result "1-0"]
[EventDate "1975.03.09"]
[PlyCount "43"]

1.e4 c5 2.Nf3 e6 3.Nc3 Nc6 4.d4 cxd4 5.Nxd4 a6 6.g3 Nge7 7.Nb3 d6 8.Be3 
Bd7 9.f4 Qc7 10.Qd2 Nc8 11.Bd3 Be7 12.O-O b5 13.a4 b4 14.Nb5 axb5 15.axb5 
Rxa1 16.Rxa1 Nd8 17.Qxb4 Nb7 18.b6 Qb8 19.Bb5 Bd8 20.Bxd7+ Kxd7 21.Qb5+ 
Ke7 22.Nd4 1-0

[Event "10th Olot it"]
[Site "Olot ESP"]
[Date "1975.03.??"]
[Round "6"]
[White "Bellon Lopez, Juan Manuel"]
[Black "Romanishin, Oleg"]
[WhiteElo "2415"]
[BlackElo "2485"]
[Result "1-0"]
[EventDate "1975.03.09"]
[PlyCount "67"]

1.Nf3 Nf6 2.c4 e6 3.g3 a6 4.Bg2 b5 5.Nd4 d5 6.cxb5 axb5 7.Nxb5 c6 8.N5c3 
c5 9.d4 cxd4 10.Qxd4 Nc6 11.Qd1 Be7 12.O-O O-O 13.a3 Bb7 14.Nd2 e5 15.Rb1 
e4 16.Nb3 Ne5 17.Qd4 Nc6 18.Qd1 Ne5 19.Qd4 Nc4 20.Rd1 Qc8 21.Bg5 Rd8 22.
Rdc1 Qf5 23.Be3 Nxe3 24.Qxe3 d4 25.Nxd4 Rxd4 26.Qxd4 Bc5 27.Nd5 Qxf2+ 28.
Qxf2 Bxf2+ 29.Kxf2 Bxd5 30.Bh3 Bb7 31.Rc7 Rb8 32.Rd1 g5 33.Bf5 e3+ 34.Kf1 
1-0

[Event "10th Olot it"]
[Site "Olot ESP"]
[Date "1975.03.??"]
[Round "6"]
[White "Filip, Miroslav"]
[Black "Cardoso, Rodolfo Tan"]
[WhiteElo "2485"]
[BlackElo "2440"]
[Result "1/2-1/2"]
[EventDate "1975.03.09"]
[PlyCount "76"]

1.d4 Nf6 2.c4 e6 3.Nc3 Bb4 4.e3 d5 5.a3 Bxc3+ 6.bxc3 c5 7.cxd5 exd5 8.Bd3 
O-O 9.Ne2 Re8 10.O-O Bg4 11.f3 Bh5 12.Rb1 Qc7 13.Nf4 Bg6 14.Bxg6 hxg6 15.
Qb3 cxd4 16.cxd4 Qd6 17.Qxb7 Nc6 18.Qa6 Rad8 19.Bd2 g5 20.Nd3 Nd7 21.Nb4 
Ndb8 22.Qa4 Re6 23.Nxc6 Nxc6 24.g3 Qd7 25.Qc2 Rh6 26.Qd3 Re8 27.Rbe1 Rb8 
28.Rb1 Rxb1 29.Rxb1 g4 30.f4 f5 31.Rb5 Ne7 32.Bb4 Rb6 33.Rc5 Nc6 34.Bd2 
Ne7 35.Qc2 Rc6 36.Qa4 a6 37.Rxc6 Qxc6 38.Qxc6 Nxc6 1/2-1/2

[Event "10th Olot it"]
[Site "Olot ESP"]
[Date "1975.03.??"]
[Round "6"]
[White "Medina Garcia, Antonio Angel"]
[Black "Csom, Istvan"]
[WhiteElo "2345"]
[BlackElo "2530"]
[Result "1/2-1/2"]
[EventDate "1975.03.09"]
[PlyCount "81"]

1.e4 c5 2.Nf3 d6 3.d4 cxd4 4.Nxd4 Nf6 5.Nc3 Nc6 6.Bc4 Qb6 7.Nb3 e6 8.O-O 
Be7 9.Be3 Qc7 10.f4 a6 11.Bd3 b5 12.a4 b4 13.Nb1 e5 14.f5 d5 15.N1d2 Bb7 
16.a5 Nd4 17.Nxd4 dxe4 18.Ne6 fxe6 19.Bc4 Bd5 20.b3 Bc5 21.Qe2 Bd4 22.Bxd4
exd4 23.fxe6 Bxc4 24.Nxc4 O-O 25.Rf5 Qc6 26.Re5 Rfe8 27.Rd1 Rad8 28.Qf2 e3
29.Qf5 Rd5 30.Rxd5 Qxd5 31.Nxe3 Qxe6 32.Qxe6+ Rxe6 33.Nf5 Re5 34.Nxd4 Rxa5
35.Nc6 Rc5 36.Nxb4 a5 37.Nd3 Rxc2 38.Ra1 Rc3 39.Ne5 Ne4 40.h3 h5 41.Rxa5 
1/2-1/2